000 00336nam a2200145 i 4500
001 bg
100 1 _aSIKORA, Ryszard
245 0 _aTeoria pola elektromagnetycznego /
_cR. Sikora.
250 _aWyd.2 uzup.
260 _aWarszawa,
_c1985.
040 _cBPK
041 _apol
942 _cKS
008 s pl f |000 0 pol
999 _c2540
_d2540
856 _uhttp://koha.tu.koszalin.pl/cgi-bin/koha/opac-detail.pl?biblionumber=2540
_yKatalog online BPK